Geografia Turcji od A do Z - Statystyki

Ogólne statystyki
  • Ten quiz został rozwiązany 21 razy
  • Średni wynik to 15 z 23
Statystyki odpowiedzi
Litera Pytanie Odpowiedź % Poprawnych
C Jaką nazwę nosi wyspa na morzu śródziemnym, której północna część de facto jest okupowana przez wojska tureckie? Cypr
100%
O Jak nazywało się imperium którego spadkobiercą jest dzisiejsza Turcja? Osmańskie
100%
E Jaką nazwę nosi morze znajdujące się pomiędzy Grecją a Turcją? Egejskie
94%
Ś Które morze stanowi wybrzeże południowej Turcji? Śródziemne
94%
H Jaką nazwę nosi znajdująca się w Stambule była świątynia chrześcijańska, obecnie meczet uznawany za największe i najwspanialsze dzieło architektury bizantyjskiej? Hagia Sophia
88%
K Jaką nazwę nosiło miasto Stambuł? -nazwa ostatecznie została zmieniona na mapach świata w 1930 roku. Konstantynopol
88%
S Z którym krajem Turcja graniczy od południa? Syria
88%
B Europejska część Turcji oprócz Grecji graniczy z którym krajem? Bułgaria
82%
R Jaką nazwę nosi grecka wyspa u wybrzeży Turcji na której znajdował się tzw. "kolos" jeden z 7 cudów antycznego świata. Rodos
82%
Z Do 1991 z jakim krajem Turcja graniczyła od północnego wschodu? Związek Radziecki
82%
A Jaką nazwę nosi szczyt górski w dzisiejszej wschodniej Turcji na którym miała osiąść biblijna Arka Noego? Ararat
76%
L Jaką nazwę nosi turecka waluta? Lira turecka
76%
I Jaką nazwę nosi trzecie co do wielkości miasto w Turcji, ważny port w zachodniej części kraju? Izmir
65%
D Jak nazywa się cieśnina długości 61km między Półwyspem Bałkańskim w Europie a Azją Mniejszą? Dardanele
59%
M Jaką nazwę nosi morze nad którym położony jest Stambuł? Marmara
59%
P W starożytności na zachodnim wybrzeżu Turcji znajdowało się wiele greckich tzw. "miast-państw" , jakim terminem określa się tą formę państwa? Polis
53%
T Jaką nazwę nosi starożytne miasto opisane w jednym z dzieł Homera, którego ruiny znajdują się na dzisiejszym zachodnim wybrzeżu Turcji? Troja
53%
G Jaką nazwę nosi półwysep na którym w 1915 roku doszło do największej operacji desantowej Pierwszej Wojny Światowej, zakończonej totalnym fiaskiem wojsk ententy? Gallipoli
35%
F Jak nazywa się nakrycie głowy w kształcie ściętego stożka, zazwyczaj wykonane z bordowego filcu i ozdobione czarnym frędzlem, popularne w świecie islamskim teoretycznie zakazane w Turcji od 1925 roku? Fez
29%
U Imperium tego rodu arabskiego rozciągało się między innymi na terytoriach dzisiejszej wschodniej Turcji. Umajjadzi
29%
W Jaką nazwę nosi największe tureckie jezioro? Wan
29%
J Jaką nazwę nosi kraina starożytna na zachodnim wybrzeżu Turcji, między rzekami Hermos a Meander zamieszkana wtedy głównie przez Greków? Jonia
18%
N Jaką nazwę nosi szczyt w południowo-wschodniej Turcji będący jednym z największych stanowisk archeologicznych okresu hellenistycznego? Nazwa szczytu sięga przeszło 3000 lat p.n.e Nemrut
0%
Nie znaleziono quizów pasujących do podanych kryteriów
Rozkład punktacji
Procent ludzi z każdym wynikiem
Percentyl według liczby udzielonych odpowiedzi
Twoja historia wyników
Nie rozwiązałeś tego quizu